| 000 | 00616pam a2200205 a 4500 | ||
|---|---|---|---|
| 001 | 3542460 | ||
| 005 | 20260327091303.0 | ||
| 008 | 970425s1998 caua b 001 0 eng | ||
| 020 |
_a0534504825 _qpbk. |
||
| 020 |
_a9780534504823 _q(pbk.) |
||
| 050 | 0 | 0 |
_aP90 _b.B489 1998 |
| 082 | 0 | 0 |
_a302.23 _221 |
| 100 | 1 | _aBiagi, Shirley. | |
| 245 | 1 | 0 |
_aMedia/impact : _ban introduction to mass media / _cShirley Biagi. |
| 250 | _aUpdated 3rd ed. | ||
| 260 |
_aBelmont, CA : _bWadsworth Pub., _cc1998. |
||
| 300 |
_axxiv, 413 p. : _bill. (some col.) ; _c26 cm. |
||
| 650 | 0 | _aMass media. | |
| 942 |
_2lcc _cBK _eUpgraded 3rd Ed. _n0 |
||
| 999 |
_c9179 _d9179 |
||